HIGH COURT MISC. APPLICATION NO.23 OF 2007 John M. Agaba & Others Vs Joseph Asiimwe (Record no. 6080)
[ view plain ]
| 000 -LEADER | |
|---|---|
| fixed length control field | 00383nam a22001097a 4500 |
| 008 - FIXED-LENGTH DATA ELEMENTS--GENERAL INFORMATION | |
| fixed length control field | 150610b xxu||||| |||| 00| 0 eng d |
| 010 ## - LIBRARY OF CONGRESS CONTROL NUMBER | |
| Field link and sequence number | HCMAF:108a |
| 245 ## - TITLE STATEMENT | |
| Title | HIGH COURT MISC. APPLICATION NO.23 OF 2007 John M. Agaba & Others Vs Joseph Asiimwe |
| 260 ## - PUBLICATION, DISTRIBUTION, ETC. (IMPRINT) | |
| Place of publication, distribution, etc | High Court Kampala |
| 500 ## - GENERAL NOTE | |
| Materials specified | (Arising from Civil Suit No.840 of 2004) |
| 500 ## - GENERAL NOTE | |
| Materials specified | BEFORE: Hon. Mr. Justice Eldad Mwangusya |
| Withdrawn status | Lost status | Source of classification or shelving scheme | Damaged status | Koha normalized classification for sorting | Not for loan | Koha collection | Location (home branch) | Sublocation or collection (holding branch) | Shelving location | Date acquired | Koha issues (times borrowed) | Koha full call number | Piece designation (barcode) | Koha date last seen | Price effective from | Koha item type | Public note |
|---|---|---|---|---|---|---|---|---|---|---|---|---|---|---|---|---|---|
| Dewey Decimal Classification | HCMAPLN__F108A | Reference | Law Development Centre Main Library | Law Development Centre Main Library | Reference | 06/10/2015 | HCMApln.F:108a | 0159/2015 | 06/10/2015 | 06/10/2015 | Un Reported Cases | Judgement entered on 11/07/08 |
